000
00231nam a2200085Ia 4500
008
160329s9999 xx 000 0 und d
245
_a
Newspaper Association of America
650
_a
Mass Communication.
856
_u
http://www.naa.org/
999
_c
292924
_d
292924